Normal view
MARC view
Entry Topical Term
001 - CONTROL NUMBER
- control field: 4096
003 - CONTROL NUMBER IDENTIFIER
- control field: OSt
005 - DATE AND TIME OF LATEST TRANSACTION
- control field: 20150801143225.0
008 - FIXED-LENGTH DATA ELEMENTS
- fixed length control field: 150801|| aca||aabn | a|a d
040 ## - CATALOGING SOURCE
- Original cataloging agency: OSt
- Transcribing agency: OSt
150 ## - HEADING--TOPICAL TERM
- Topical term or geographic name entry element: Social Science
670 ## - SOURCE DATA FOUND
- Source citation: Work cat.: (OSt)16567: Bama, Sukhbilas 4095, Socio-Political Movements In north Bengal, 2007









